Molecular determinants of plant diseases / (Record no. 14135)

000 -LEADER
fixed length control field 00801nam a2200229Ia 4500
020 ## - INTERNATIONAL STANDARD BOOK NUMBER
ISBN 476220501X (Japan)
020 ## - INTERNATIONAL STANDARD BOOK NUMBER
ISBN 3540173420 (Germany)
020 ## - INTERNATIONAL STANDARD BOOK NUMBER
ISBN 0387173420 (U.S.)
040 ## - CATALOGING SOURCE
Transcribing agency WAU
082 ## - DEWEY DECIMAL CLASSIFICATION NUMBER
Classification number 581 SPR 1987 A059 Or.
245 00 - TITLE STATEMENT
Title Molecular determinants of plant diseases /
260 ## - PUBLICATION, DISTRIBUTION, ETC. (IMPRINT)
Place of publication Tokyo :
Name of publisher Japan Scientific Societies Press ;
Place of publication Berlin ;
-- New York :
Name of publisher Springer-Verlag,
Year of publication c1987
300 ## - PHYSICAL DESCRIPTION
Number of Pages xiv, 293 p. :
Other physical details ill. ;
Dimensions 24 cm
500 ## - GENERAL NOTE
General note "This volume is based on the fifth U.S.-Japan cooperative science seminar dealing with physiological plant pathology"--Pref
650 #0 - SUBJECT ADDED ENTRY--TOPICAL TERM
Topical Term Plant diseases
650 #0 - SUBJECT ADDED ENTRY--TOPICAL TERM
Topical Term Host-parasite relationships
650 #0 - SUBJECT ADDED ENTRY--TOPICAL TERM
Topical Term Plant physiology
700 10 - ADDED ENTRY--PERSONAL NAME
Personal name Nishimura, Syoyo
700 10 - ADDED ENTRY--PERSONAL NAME
Personal name Vance, Carroll Phillip,
700 10 - ADDED ENTRY--PERSONAL NAME
Personal name Doke, Noriyuki
942 ## - ADDED ENTRY ELEMENTS (KOHA)
Koha item type សៀវភៅភាសាអង់គ្លេស
952 ## - LOCATION AND ITEM INFORMATION (KOHA)
Withdrawn status [LOCAL, KOHA] 0
Holdings
Permanent Location Date acquired Koha item type Lost status Shelving location Barcode Current Location Full call number
Library Block A2017-10-07សៀវភៅភាសាអង់គ្លេស A059A14101Library Block A581 SPR 1987 A059 Or.
មជ្ឈមណ្ឌលឯការនៃសាកលវិទ្យាល័យភូមិន្ទកសិកម្មចំការដូង

Powered by Koha